| 000 | 02027cam a22003971ia4500 | ||
|---|---|---|---|
| 003 | SA-RiAUC | ||
| 005 | 20250611105048.0 | ||
| 008 | 250605s1981 su g b f000 0 ara c | ||
| 040 |
_aJO-IrYU _bara _cSA-RiAUC _erda |
||
| 050 | 1 | 4 | _b.A2 |
| 050 | 4 | _b.I26 1981 | |
| 050 | 4 | _b.R37 1981 | |
| 082 | 0 | 4 |
_a212 _qSA-RiAUC |
| 090 |
_a212 _b ر ق ا |
||
| 100 | 1 |
_aالرقام القصري، محمد بن محمد بن عمران، _dتوفي بعد 379 هجري _eمؤلف. |
|
| 245 | 1 | 0 |
_aكتاب العفو والاعتذار / _cأبو الحسن محمد بن عمران العبدي المعروف بالرقام القصري ؛ حققه وقدم له عبد القدوس أبو صالح. |
| 246 | 3 | 0 | _aالعفو والاعتذار |
| 246 | 3 | 5 | _aKitab al-afw wal itidar |
| 250 | _aالطبعة الأولى. | ||
| 264 | 1 |
_aالرياض : _bجامعة الإمام محمد بن سعود الإسلامية، إدارة الثقافة والنشر، _c1981 |
|
| 300 |
_a2 مجلد ؛ _c23 سم. |
||
| 336 |
_aنص _btxt _2rdacontent _3كتاب |
||
| 337 |
_aبدون وسيط _bn _2rdamedia |
||
| 338 |
_aمجلد _bnc _2rdacarrier |
||
| 490 | 1 |
_aإصدارات جامعة الإمام محمد بن سعود الإسلامية. _aالمجلس العلمي ؛ _v23 |
|
| 504 | _aيشتمل على إرجاعات ببليوجرافية. | ||
| 590 | _aعبد المنعم. | ||
| 650 | 7 |
_aالعفو (فقه إسلامي) _2aucsh |
|
| 650 | 7 |
_aالأخلاق الإسلامية _vأعمال مبكرة حتى 1800 _2aucsh |
|
| 700 | 1 |
_aأبو صالح، عبد القدوس، _d1932-2022 _eمحقق. |
|
| 700 | 1 | 2 |
_aالرقام القصري، محمد بن محمد بن عمران، _dتوفي بعد 379 هجري. _tكتاب العفو والاعتذار |
| 830 | 2 |
_aإصدارات جامعة الإمام محمد بن سعود الإسلامية. _pالمجلس العلمي _v23 |
|
| 942 |
_2ddc _cBOOK _n0 |
||
| 949 |
_aSA-JeALM _d250605 _umohamedma123 _n1 |
||
| 999 |
_c8856 _d8856 |
||